Дело о награждении ведомства Канцелярии от строений и подчиненных ей контор разных чинов, лиц и мастеровых людей чинами и прибав...

Доступно только в Электронных читальных залах Найти на картеНа карте
RUSMARC
00003778nmc2a22002413x 450
001257e572b-68a1-4abe-b1a8-9236ea8b0e27
00520240130102551.0
100##$a20231011l17631763k l0rusy0189 ca
1010#$arus
102##$aRU
105##$ay###
1222#$ad
2001#$aДело о награждении ведомства Канцелярии от строений и подчиненных ей контор разных чинов, лиц и мастеровых людей чинами и прибавкой жалованья
$j1 января - 23 июня 1763 г.
215##$a47 л.
$d36,5х26 см
251##$cДело
300##$aНа обложке указано: "По приказному столу"
371##$aДокумент не является опубликованным и широко распространяемым
461#0$1001625a9a7e-a890-4307-a7fe-826a2289a412
$12001
$aГоф-интендантская контора МИДв
$1251
$cФонд
$1852
$j470
462#0$10017fcd2e59-9b3b-475d-81ee-48da63e0f6c7
$12001
$aО награждении деньгами и вещами; формулярные списки чиновников, служащих и мастеровых
$1251
$cОпись
$1852
$j4
$l90-524
801#0$aRU
$bРГИА
$c20231011
$gRCR
801#1$aRU
$bГлавНИВЦ
$c20231011
$2rusmarc
801#2$aRU
$bПБ им. Б.Н. Ельцина
$c20240130
$gRCR
$2rusmarc
850##$aРГИА
852##$aРГИА
$eФедеральное казенное учреждение "Российский государственный исторический архив" (РГИА)
$j18
937##$hРГИА
$d12405397
$aASBIBLIO_SCAN
035##$aRusGRCC00066713
856##$uhttp://readingroom.main.prlib.ru/item.aspx?id_node=n190715502&mode=full
Формат отображения